<?xml version="1.0" encoding="UTF-8"?>
<collection xmlns="http://www.loc.gov/MARC21/slim">
  <record>
    <leader>00000nam  2200000   4500</leader>
    <controlfield tag="001">INLIS000000000015810</controlfield>
    <controlfield tag="005">20230907120205</controlfield>
    <datafield tag="035" ind1="#" ind2="#">
      <subfield code="a">0010-0923000051</subfield>
    </datafield>
    <controlfield tag="007">ta</controlfield>
    <controlfield tag="008">230907################|##########|#|##</controlfield>
    <datafield tag="084" ind1="#" ind2="#">
      <subfield code="a">R 076 PIM II 2022</subfield>
    </datafield>
    <datafield tag="100" ind1=" " ind2="#">
      <subfield code="a">Suci Wahyuningsih</subfield>
    </datafield>
    <datafield tag="245" ind1="1" ind2="#">
      <subfield code="a">Manajemen Pelatihan Promosi Penanaman Modal Dalam Rangka Pengingkatan Minat Investasi PMA dan PMDN /</subfield>
      <subfield code="c">Suci Wahyuningsih</subfield>
    </datafield>
    <datafield tag="250" ind1="#" ind2="#">
      <subfield code="a">1</subfield>
    </datafield>
    <datafield tag="260" ind1="#" ind2="#">
      <subfield code="a">Jakarta :</subfield>
      <subfield code="b">Pusbangkom Pimnas dan Manajerial ASN,</subfield>
      <subfield code="c">2022</subfield>
    </datafield>
    <datafield tag="300" ind1="#" ind2="#">
      <subfield code=":"/>
      <subfield code="b">ilus ;</subfield>
      <subfield code="c">30 cm</subfield>
    </datafield>
    <datafield tag="650" ind1="#" ind2="4">
      <subfield code="a">Investasi</subfield>
    </datafield>
    <datafield tag="520" ind1="#" ind2="#">
      <subfield code="a">Peningkatan penanaman modal atau investasi sangat diperlukan dalam mendukung pertumbuhan ekonomi suatu negara, antara lain melalui alih teknologi, penyerapan tenaga kerja, multiplier effects kepada perekonomian setempat, dan manfaat lainnya. Peningkatan kegiatan investasi melalui pembangunan dan pengembangan proyek-proyek penanaman modal diharapkan dapat mendorong pertumbuhan ekonomi suatu negara atau wilayah. Sebagai instansi yang memiliki tugas dan fungsi di bidang penanaman modal, Kementerian Investasi/Badan Koordinasi Penanaman Modal memiliki target untuk meningkatkan realisasi penanaman modal, baik penanaman modal asing (PMA) dan penanaman modal dalam negeri (PMDN). Pencapaian target realisasi investasi tersebut juga menjadi tugas aparatur di bidang penanaman modal di daerah.</subfield>
    </datafield>
    <datafield tag="990" ind1="#" ind2="#">
      <subfield code="a">076</subfield>
    </datafield>
  </record>
</collection>
